=LDR 00000nam 2200000 4500 =001 INLIS000000000060765 =005 20220324111605 =035 ##$$a 0010-0322000118 =007 ta =008 220324###########################0#ind## =020 ##$$a 978-623-6822-11-1 =082 ##$$a 616.365 =084 ##$$a 616.365 Bag a =100 #$$a Bagus Setyoboedi =245 1#$$a Ayo Deteksi Dini Atresia Bilier =260 ##$$a Yogyakarta :$b Rapha Publishing,$c 2020 =300 ##$$a 88 Halaman : $b Ilustrasi ; $c 21 Cm =650 #4$$a Hati - Diagnosa -Pancasila =990 ##$$a 11161116 =990 ##$$a 11161116 =990 ##$$a 11161116 =990 ##$$a 11161116